Obce okresu Jindřichův Hradec - Statistics

General Stats
  • This quiz has been taken 12 times
  • The average score is 14 of 106
Answer Stats
Počet obyvatel Odpověď % Correct
20 540 Jindřichův Hradec
100%
7 157 Dačice
75%
2 221 Kardašova Řečice
75%
8 270 Třeboň
75%
754 Deštná
63%
2 229 Slavonice
63%
3 607 České Velenice
50%
584 Dešná
50%
1 438 Kunžak
50%
3 199 Nová Bystřice
50%
1 403 Strmilov
50%
3 597 Suchdol nad Lužnicí
50%
678 Číměř
38%
1 778 Lomnice nad Lužnicí
38%
482 Majdalena
38%
475 Staré Město pod Landštejnem
38%
563 Střížovice
38%
235 Velký Ratmírov
38%
871 Český Rudolec
25%
1 816 Chlum u Třeboně
25%
157 Frahelž
25%
1 087 Jarošov nad Nežárkou
25%
117 Kačlehy
25%
553 Lásenice
25%
488 Písečné
25%
202 Staňkov
25%
879 Stráž nad Nežárkou
25%
425 Stříbřec
25%
482 Blažejov
13%
128 Březina
13%
485 Člunek
13%
440 Dolní Pěna
13%
74 Doňov
13%
582 Horní Pěna
13%
156 Kostelní Vydří
13%
2 176 Nová Včelnice
13%
182 Pleše
13%
593 Pluhův Žďár
13%
631 Rodvínov
13%
99 Višňová
13%
127 Žďár
13%
104 Báňovice
0%
117 Bednárec
0%
178 Bednáreček
0%
98 Bořetín
0%
223 Budeč
0%
736 Budíškovice
0%
199 Cep
0%
196 Červený Hrádek
0%
523 Cizkrajov
0%
66 Dívčí Kopy
0%
45 Dobrohošť
0%
167 Dolní Žďár
0%
437 Domanín
0%
56 Drunče
0%
228 Dunajovice
0%
388 Dvory nad Lužnicí
0%
53 Hadravova Rosička
0%
154 Halámky
0%
345 Hamr
0%
250 Hatín
0%
90 Heřmaneč
0%
110 Horní Meziříčko
0%
85 Horní Němčice
0%
262 Horní Radouň
0%
260 Horní Skrýchov
0%
135 Horní Slatina
0%
449 Hospříz
0%
80 Hrachoviště
0%
329 Hříšice
0%
133 Jilem
0%
78 Kamenný Malíkov
0%
155 Klec
0%
304 Kostelní Radouň
0%
712 Lodhéřov
0%
429 Lužnice
0%
123 Nová Olešná
0%
352 Nová Ves nad Lužnicí
0%
691 Novosedly nad Nežárkou
0%
217 Okrouhlá Radouň
0%
465 Peč
0%
110 Pístina
0%
480 Plavsko
0%
105 Polště
0%
118 Ponědraž
0%
80 Ponědrážka
0%
471 Popelín
0%
270 Příbraz
0%
601 Rapšach
0%
206 Ratiboř
0%
221 Roseč
0%
63 Rosička
0%
110 Smržov
0%
522 Staré Hobzí
0%
2 190 Studená
0%
141 Světce
0%
324 Třebětice
0%
69 Újezdec
0%
71 Vícemil
0%
51 Vlčetínec
0%
744 Volfířov
0%
122 Vydří
0%
102 Záblatí
0%
111 Záhoří
0%
251 Zahrádky
0%
49 Županovice
0%
No matching quizzes found
Score Distribution
Percent of People with Each Score
Percentile by Number Answered
Your Score History
You have not taken this quiz